[Event "Gibraltar U16 op"]
[Site "Caleta"]
[Date "2019.08.17"]
[Round "3"]
[White "Nayak, Aurideep"]
[Black "Gutierrez Lupion, Nuria"]
[Result "1-0"]
[WhiteElo "1546"]
[BlackElo "1712"]
[PlyCount "59"]
[EventDate "2019.08.16"]
[EventType "swiss"]
[EventRounds "6"]
[EventCountry "GGB"]
[SourceTitle "CBM 195 Extra"]
[Source "ChessBase"]
[SourceDate "2020.05.31"]
[SourceVersion "1"]
[SourceVersionDate "2020.05.31"]
[SourceQuality "1"]

1. e4 c5 2. Nf3 d6 3. d4 cxd4 4. Qxd4 Nc6 5. Bb5 Bd7 6. Bxc6 bxc6 7. Nc3 Nf6 8. Bg5 e5 9. Qd3 h6 10. Bh4 Rb8 11. Nd2 Be6 12. Nc4 Qd7 13. 0-0 Be7 14. b3 Bxc4 15. bxc4 0-0 16. Rad1 Rfd8 17. c5 d5 18. Bxf6 gxf6 19. exd5 Bxc5 20. Ne4 Be7 21. d6 Qe6 22. Qg3+ Kh8 23. dxe7 Qxe7 24. Qh4 Kg7 25. Qg4+ Kh7 26. Qf5+ Kg7 27. Rxd8 Rxd8 28. f4 Rd5 29. Qg4+ Kh7 30. fxe5 1-0

[Event "GBR-ch U1750 op 105th"]
[Site "Hull"]
[Date "2018.07.31"]
[Round "2"]
[White "Patel, Devan"]
[Black "Nayak, Aurideep"]
[Result "1-0"]
[WhiteElo "1716"]
[BlackElo "1543"]
[PlyCount "59"]
[EventDate "2018.07.30"]
[EventType "swiss"]
[EventRounds "5"]
[EventCountry "ENG"]
[SourceTitle "EXT 2021"]
[Source "ChessBase"]
[SourceDate "2020.10.23"]
[SourceVersion "1"]
[SourceVersionDate "2020.10.23"]
[SourceQuality "1"]

1. d4 d5 2. Nf3 Nf6 3. c4 e6 4. Bg5 Be7 5. Nc3 0-0 6. e3 Nbd7 7. Rc1 b6 8. cxd5 Nxd5 9. Nxd5 Bxg5 10. Nxc7 Rb8 11. Nb5 a6 12. Nd6 Be7 13. Nxc8 Rxc8 14. a3 b5 15. Bd3 Qa5+ 16. Nd2 Nb6 17. 0-0 Nd5 18. Qe2 Qb6 19. Nf3 b4 20. a4 a5 21. Ne5 Qd6 22. Bb5 Rc7 23. Nc4 Qd8 24. Rcd1 Rc8 25. Ne5 Qc7 26. Nc4 h6 27. Qh5 Rb8 28. Qe5 Rfc8 29. Rc1 Bd6 30. Qxd6 1-0

[Event "BCF-ch U14"]
[Site "Llandudno"]
[Date "2017.08.05"]
[Round "7"]
[White "Nayak, Aurideep"]
[Black "Jaberansari, Daniel"]
[Result "1/2-1/2"]
[WhiteElo "1627"]
[BlackElo "1387"]
[PlyCount "46"]
[EventDate "2017.07.30"]
[EventType "swiss"]
[EventRounds "7"]
[EventCountry "WLS"]
[SourceTitle "CBM 179 Extra"]
[Source "ChessBase"]
[SourceDate "2017.08.23"]
[SourceVersion "1"]
[SourceVersionDate "2017.08.23"]
[SourceQuality "1"]

1. d4 Nf6 2. c4 g6 3. Nc3 Bg7 4. Nf3 0-0 5. Bg5 d6 6. e3 Nbd7 7. Be2 c5 8. d5 Nb6 9. 0-0 e6 10. e4 exd5 11. exd5 Bf5 12. Bd3 Qd7 13. Rc1 Rfe8 14. b3 a6 15. h3 Rab8 16. Qc2 Bxd3 17. Qxd3 Na8 18. a4 Nc7 19. Rfe1 Rxe1+ 20. Rxe1 b5 21. axb5 axb5 22. Ne4 bxc4 23. bxc4 Nxe4 1/2-1/2

[Event "GBR-ch Major 104th"]
[Site "Llandudno"]
[Date "2017.08.04"]
[Round "7"]
[White "Nayak, Aurideep"]
[Black "Foster, Timothy"]
[Result "0-1"]
[WhiteElo "1627"]
[BlackElo "1865"]
[PlyCount "46"]
[EventDate "2017.07.29"]
[EventType "swiss"]
[EventRounds "9"]
[EventCountry "WLS"]
[SourceTitle "CBM 179 Extra"]
[Source "ChessBase"]
[SourceDate "2017.08.23"]
[SourceVersion "1"]
[SourceVersionDate "2017.08.23"]
[SourceQuality "1"]

1. d4 Nf6 2. c4 g6 3. Nc3 Bg7 4. Nf3 d6 5. Bg5 0-0 6. e3 b6 7. Be2 Bb7 8. 0-0 Nbd7 9. Qc2 h6 10. Bh4 g5 11. Bg3 e6 12. Rfd1 Nh5 13. Rac1 Nxg3 14. hxg3 Qe7 15. a3 f5 16. e4 fxe4 17. Nxe4 Nf6 18. Nxf6+ Qxf6 19. b4 g4 20. Ne1 Qxf2+ 21. Kh1 Qxg3 22. Qg6 Rf6 23. Qxg4 Rf1+ 0-1

[Event "GBR-ch Major 104th"]
[Site "Llandudno"]
[Date "2017.07.31"]
[Round "3"]
[White "Camp, Imogen AL"]
[Black "Nayak, Aurideep"]
[Result "1/2-1/2"]
[WhiteElo "1802"]
[BlackElo "1627"]
[PlyCount "40"]
[EventDate "2017.07.29"]
[EventType "swiss"]
[EventRounds "9"]
[EventCountry "WLS"]
[SourceTitle "CBM 179 Extra"]
[Source "ChessBase"]
[SourceDate "2017.08.23"]
[SourceVersion "1"]
[SourceVersionDate "2017.08.23"]
[SourceQuality "1"]

1. d4 Nf6 2. Nf3 e6 3. Bf4 Be7 4. Nbd2 d5 5. e3 Nh5 6. Bg3 Nxg3 7. hxg3 Nd7 8. Bd3 h6 9. c4 c6 10. Qc2 b6 11. cxd5 cxd5 12. Qc6 Rb8 13. Qa4 a6 14. Rc1 Bb7 15. 0-0 b5 16. Qb3 0-0 17. a4 b4 18. Bb1 Re8 19. Qd3 Nf6 20. Ne5 a5 1/2-1/2

[Event "GBR-ch Major 104th"]
[Site "Llandudno"]
[Date "2017.07.30"]
[Round "2"]
[White "Nayak, Aurideep"]
[Black "Graham, William M"]
[Result "0-1"]
[WhiteElo "1627"]
[BlackElo "1840"]
[PlyCount "48"]
[EventDate "2017.07.29"]
[EventType "swiss"]
[EventRounds "9"]
[EventCountry "WLS"]
[SourceTitle "CBM 179 Extra"]
[Source "ChessBase"]
[SourceDate "2017.08.23"]
[SourceVersion "1"]
[SourceVersionDate "2017.08.23"]
[SourceQuality "1"]

1. e4 e6 2. d4 d5 3. Nc3 Nf6 4. Bg5 dxe4 5. Nxe4 Be7 6. Nxf6+ Bxf6 7. Bxf6 Qxf6 8. Nf3 0-0 9. Be2 c5 10. c3 Rd8 11. Qc2 cxd4 12. Nxd4 e5 13. Nf3 Bf5 14. Qb3 Nc6 15. Bb5 Be4 16. Be2 Bd5 17. Qc2 e4 18. Nd2 e3 19. fxe3 Bxg2 20. Rg1 Qh4+ 21. Kd1 Qf2 22. Rxg2 Qxg2 23. Ke1 Qxh2 24. Nf3 Qh1+ 0-1

[Event "BCF-chT4S 1617 (4NCL)"]
[Site "England"]
[Date "2017.02.12"]
[Round "6.75"]
[White "Nayak, Aurideep"]
[Black "Dhemrait, Surjit S"]
[Result "1-0"]
[WhiteElo "1572"]
[BlackElo "1496"]
[PlyCount "61"]
[EventDate "2016.11.26"]
[EventType "team-swiss"]
[EventRounds "11"]
[EventCountry "ENG"]
[SourceTitle "EXT 2019"]
[Source "ChessBase"]
[SourceDate "2018.10.10"]
[SourceVersion "1"]
[SourceVersionDate "2018.10.10"]
[SourceQuality "1"]
[WhiteTeam "Kent KJCA Kestrels"]
[BlackTeam "Cambridge University III"]
[WhiteTeamCountry "ENG"]
[BlackTeamCountry "ENG"]

1. e4 c5 2. Nf3 g6 3. Nc3 Bg7 4. d4 cxd4 5. Nxd4 Qb6 6. Nd5 Qxd4 7. Qxd4 Bxd4 8. Nc7+ Kd8 9. Nxa8 b6 10. c3 Be5 11. Be3 Bb7 12. Nxb6 axb6 13. Bxb6+ Ke8 14. f3 Ba6 15. 0-0-0 Bxf1 16. Rdxf1 e6 17. Bd4 Bxd4 18. cxd4 Ne7 19. Kd2 Nbc6 20. Ke3 f5 21. e5 Nd5+ 22. Kf2 Ke7 23. a3 Ra8 24. g3 Ra4 25. Rd1 Rxd4 26. Ke2 Rxd1 27. Rxd1 Nxe5 28. a4 Nc6 29. Rd3 Kd6 30. Ra3 Na5 31. Kd3 1-0